000 00488nam a2200181Ia 4500
008 100917s9999 xx 000 0 und d
082 _b37986
100 _aजेम्स हॅडले चेस
245 _aमॅलरी
260 _bमनोरंजन प्रकाशन
_c1974
300 _a262
365 _b12
520 _aकादंबरी
630 _aमॅलरी
650 _aकादंबरी
730 _aमॅलरी
942 _cBOOK
999 _c643380
_d643377